000 01163nam0a22002771 4500
001 rc\4068501
005 20250611080210.0
021 _aRU
_b[49-40842]
035 _a(NLR Aleph) 008118035
090 _a9346625
_c9346625
100 _a20130415d1949 |||y0rusy50 ca
101 0 _arus
102 _aRU
105 _aa c |||||
200 1 _aФототовары
_e(Метод. указания по курсу товароведения)
_fПод ред. доц. Палладова С.С.
_gМ-во высш. образования СССР. Всесоюз. заоч. ин-т сов. торговли
210 _aМосква
_c1-я тип. Углетехиздата
_d1949
215 _a40 с.
_cил.
_d20
300 _aПеред загл. авт.: Т.С. Остановский, канд. техн. наук
606 _aФотографические материалы
_jПособия заочные
_2psbo
700 1 _aОстановский
_bТ.С.
_gТанхум Самойлович
702 1 _aПалладов
_bС.С.
_4340
801 0 _aRU
_bNLR
_gpsbo
801 1 _aRU
_bELAR
_2rusmarc
852 _aNLR
_jТ76 Г-4/95
942 _cBOOK
980 _aNB